[Event "BLR-ch (Women)"]
[Site "Minsk"]
[Date "2011.01.21"]
[Round "6"]
[White "Molotilova, Olga"]
[Black "Kusenkova, Natallia"]
[Result "0-1"]
[WhiteElo "1930"]
[BlackElo "2026"]
[PlyCount "110"]
[EventDate "2011.01.16"]
[EventType "tourn"]
[EventRounds "9"]
[EventCountry "BLR"]
[SourceTitle "CBM 140 Extra"]
[Source "ChessBase"]
[SourceDate "2011.03.01"]
[SourceVersion "1"]
[SourceVersionDate "2011.03.01"]
[SourceQuality "1"]

1. e4 c5 2. d4 cxd4 3. c3 Nf6 4. e5 Nd5 5. Nf3 d6 6. Bb5+ Bd7 7. Bxd7+ Qxd7 8. 0-0 e6 9. exd6 dxc3 10. Nxc3 Nxc3 11. bxc3 Bxd6 12. Bb2 0-0 13. c4 Be7 14. Qe2 Nc6 15. Rfd1 Qc7 16. Qe4 Rfd8 17. Re1 Rac8 18. Qg4 Bf8 19. c5 Qe7 20. Rac1 Rd5 21. Rc2 Rcd8 22. h3 Rd1 23. Rxd1 Rxd1+ 24. Kh2 Rd5 25. h4 Rxc5 26. Ba3 Qc7+ 27. Kh3 Rxc2 28. Bxf8 Kxf8 29. Qe4 Ne7 30. Qxh7 Rxf2 31. Qh8+ Ng8 32. Ng5 Qd8 33. Nh7+ Ke7 34. Qxg7 Qd3+ 35. Kh2 Qd8 36. Ng5 Rf6 37. Ne4 Rg6 38. Qe5 b6 39. Qc3 Qd7 40. Qb4+ Kd8 41. Qf8+ Kc7 42. Qa8 Qc6 43. Qxa7+ Qb7 44. Qa4 Rg4 45. Qc2+ Qc6 46. Nc3 Rxh4+ 47. Kg3 Rc4 48. Qh7 Rxc3+ 49. Kh2 Qd6+ 50. Kg1 Rc1+ 51. Kf2 Qf4+ 52. Ke2 Qf1+ 53. Kd2 Qe1+ 54. Kd3 Rc3+ 55. Kd4 Qe3# 0-1

[Event "BLR-ch (Women)"]
[Site "Minsk"]
[Date "2011.01.20"]
[Round "5"]
[White "Sharevich, Anna"]
[Black "Molotilova, Olga"]
[Result "1-0"]
[WhiteElo "2332"]
[BlackElo "1930"]
[PlyCount "65"]
[EventDate "2011.01.16"]
[EventType "tourn"]
[EventRounds "9"]
[EventCountry "BLR"]
[SourceTitle "CBM 140 Extra"]
[Source "ChessBase"]
[SourceDate "2011.03.01"]
[SourceVersion "1"]
[SourceVersionDate "2011.03.01"]
[SourceQuality "1"]

1. Nf3 f5 2. d4 d5 3. c4 e6 4. Nc3 Nf6 5. Bf4 Be7 6. e3 0-0 7. Bd3 c6 8. Qc2 Nbd7 9. h3 Ne4 10. 0-0 Ndf6 11. Ne5 Bd7 12. Bh2 Be8 13. Ne2 Nd7 14. c5 Nxe5 15. Bxe5 Bd7 16. b4 Kh8 17. a4 Bf6 18. f3 Bxe5 19. dxe5 Ng5 20. Nd4 Qe7 21. f4 Nf7 22. b5 g5 23. bxc6 bxc6 24. Rab1 Rab8 25. Qc3 g4 26. hxg4 Nh6 27. Rxb8 Rxb8 28. gxf5 exf5 29. e6 Kg8 30. exd7 Qxe3+ 31. Kh1 Rd8 32. Rf3 Qe7 33. Nxf5 1-0